Countries by tourist attractions - Statistics

General Stats
  • This quiz has been taken 42 times
  • The average score is 9 of 15
Answer Stats
Picture Answer % Correct
France
100%
Usa
94%
India
89%
Italy
89%
Russia
86%
Greece
78%
France
72%
Spain
69%
Uae
69%
Canada
50%
China
42%
mexico
31%
Taiwan
31%
Argentina
19%
San Marino
19%
No matching quizzes found
Score Distribution
Percent of People with Each Score
Percentile by Number Answered
Your Score History
You have not taken this quiz